000 00553cam a22001577a 4500
008 180718b1991 xxu||||| |||| 00| 0 eng d
082 _aAPPPA 90-91 MIS
100 _aMisra, Chuden Tshering
245 _aPublic policy and the resolution of societal conflicts: an appraisal of the Indian experience
_cby Chuden Tshering Misra
260 _aNew Delhi
_bIndian Institute of Public Administration
_c1991
300 _a94p.
650 _aConflict resolution
650 _aPublic policies
650 _aPublic policies-India
650 _aSocietal conflicts
999 _c501531
_d501531